Рецептурный справочник врача-невролога (Запись № 97703)

Подробности
000 -МАРКЕР
контрольное поле 01276nam0a2200313 4500
001 - ИДЕНТИФИКАТОР ЗАПИСИ
контрольное поле RU\NLR\bibl\326094
005 - ИДЕНТИФИКАТОР ВЕРСИИ
контрольное поле 20260405105700.0
010 ## - МЕЖДУНАРОДНЫЙ СТАНДАРТНЫЙ НОМЕР КНИГИ (ISBN)
Номер (ISBN) 5-86093-071-2
Тираж 5000
035 ## - ДРУГИЕ СИСТЕМНЫЕ НОМЕРА
Идентификатор записи (NLR Aleph) 000321093
100 ## - ДАННЫЕ ОБЩЕЙ ОБРАБОТКИ
Данные общей обработки 20021024d2000 |||y0rusy50 ca
101 0# - ЯЗЫК РЕСУРСА
Язык текста, звукозаписи и т.д. русский
102 ## - СТРАНА ПУБЛИКАЦИИ ИЛИ ПРОИЗВОДСТВА
Страна публикации Российская Федерация
105 ## - ПОЛЕ КОДИРОВАННЫХ ДАННЫХ: ТЕКСТОВЫЕ МАТЕРИАЛЫ, МОНОГРАФИЧЕСКИЕ
Кодированные данные о монографическом текстовом документе y |||||||||
200 1# - ЗАГЛАВИЕ И СВЕДЕНИЯ ОБ ОТВЕТСТВЕННОСТИ
Основное заглавие Рецептурный справочник врача-невролога
Первые сведения об ответственности А.А. Скоромец, А.В. Амелин, О.И. Карпов и др.
210 ## - ПУБЛИКАЦИЯ, РАСПРОСТРАНЕНИЕ И ДР.
Место издания, распространения и т.д. СПб.
Имя издателя, распространителя и т. д. Ольга
Дата издания, распространения и т.д. 2000
215 ## - ФИЗИЧЕСКАЯ ХАРАКТЕРИСТИКА
Специфическое обозначение материала и объем 189 с.
Размеры 21
320 ## - ПРИМЕЧАНИЯ О НАЛИЧИИ В ДОКУМЕНТЕ БИБЛИОГРАФИИ / УКАЗАТЕЛЯ
Текст примечания Алф. указ.: с. 174-188
606 0# - НАИМЕНОВАНИЕ ТЕМЫ КАК ПРЕДМЕТ
Наименование темы Нервные болезни
Формальный подзаголовок Справочники
Тематический подзаголовок Фармакотерапия
Системный номер авторитетной/нормативной записи 1797475
Идентификатор авторитетной/нормативной записи RU\NLR\auth\66809553
686 ## - ИНДЕКСЫ ДРУГИХ КЛАССИФИКАЦИЙ
Индекс Р62-52я27
701 #1 - ИМЯ ЛИЦА - АЛЬТЕРНАТИВНАЯ ОТВЕТСТВЕННОСТЬ
Код отношения Автор
Начальный элемент ввода Скоромец
Часть имени, кроме начального элемента ввода А. А.
Даты 1937-
Расширение инициалов личного имени Александр Анисимович
Системный номер авторитетной/нормативной записи 135000
Идентификатор авторитетной/нормативной записи RU\NLR\AUTH\770135034
701 #1 - ИМЯ ЛИЦА - АЛЬТЕРНАТИВНАЯ ОТВЕТСТВЕННОСТЬ
Начальный элемент ввода Амелин
Часть имени, кроме начального элемента ввода А. В.
Расширение инициалов личного имени Александр Витальевич
Код отношения Автор
701 #1 - ИМЯ ЛИЦА - АЛЬТЕРНАТИВНАЯ ОТВЕТСТВЕННОСТЬ
Код отношения Автор
Графика поля Кириллица
Материалы, к которым относится поле rus
Начальный элемент ввода Карпов
Часть имени, кроме начального элемента ввода О. И.
Дополнения к именам, кроме дат д-р мед. наук
Расширение инициалов личного имени Олег Ильич
Системный номер авторитетной/нормативной записи 23915
Идентификатор авторитетной/нормативной записи RU\NLR\auth\7740964
801 #0 - ИСТОЧНИК ЗАПИСИ
Страна Российская Федерация
Организация NLR
Дата составления 20021024
Правила каталогизации PSBO
801 #1 - ИСТОЧНИК ЗАПИСИ
Страна Российская Федерация
Организация NLR
Дата составления 20021024
942 ## - ДОПОЛНИТЕЛЬНЫЕ ЭЛЕМЕНТЫ ЗАПИСИ (АБИС)
Тип экземпляра АБИС Книга
980 ## - КОЛЛЕКЦИЯ
Название коллекции Национальная библиография
Экземпляры
Тип экземпляра Дата поступления Источник поступления Стоимость Библиотека постоянного хранения Библиотека текущего хранения Место хранения Шифр хранения Штрих-код Статус экземпляра
Книга 24.10.2002 Покупка 45.60 РНБ (Московский) РНБ (Московский) Русский книжный фонд: издания с 1957 года 2002-3/25491 355290  
Книга 24.10.2002 Покупка 45.60 РНБ (Московский) РНБ (Московский) Фонд общего зала литературы по биологии и медицине М1 Р62/С-741 1-442263  
Книга 24.10.2002 Подсобные фонды РНБ   РНБ (Московский) РНБ (Московский) Русский книжный фонд: издания с 1957 года 2002-3/25491 355292